| 000 | 00364nam a22001457a 4500 | ||
|---|---|---|---|
| 999 |
_c27646 _d27646 |
||
| 008 | 250218b ||||| |||| 00| 0 eng d | ||
| 082 | 0 | 0 |
_a823.914 _bA6284 |
| 100 |
_95760 _aAnthony, Evelyn |
||
| 245 | 1 | 0 |
_aThe assassin _cEvelyn Anthony |
| 250 | _a2nd ed. | ||
| 260 |
_aLondon: _bHutchinson, _c1974. |
||
| 300 | _a253 p. | ||
| 650 | 0 | _aEnglish fiction | |
| 942 | _cBK | ||